Score 0/25 Timer 02:00
1 Play Today
Clue 4-Letter Word % Correct
♫ Pink Floyd song, 'Wish You ____ Here' ♫WERE
95.5%
Alcoholic drink made from grape juiceWINE
93.6%
Female spouseWIFE
93.6%
♫ ____ Straits, e.g. 'Sultans Of Swing' ♫DIRE
92.7%
♫ ' A Day In The ____', The Beatles song ♫LIFE
92.1%
In this placeHERE
90.3%
Pre-Easter fasting period for ChristiansLENT
88.1%
To eatDINE
87.3%
Christmas carol, '____! The Herald Angels Sing'HARK
87.2%
To raise or elevateLIFT
86.4%
♫ '____ Of Change', Scorpions song ♫WIND
86%
Fast, long-eared mammalHARE
85.8%
Thin metal thread or rodWIRE
85.5%
Clue 4-Letter Word % Correct
♫ CCR song, 'Up Around the ___BEND
82.6%
♫ Judas Priest song, 'Hell ____ For Leather' ♫BENT
81.9%
♫ 'Jumpin' ____ Flash', Rolling Stones song ♫JACK
81.6%
Short fibres of materialLINT
79.3%
To tie or fasten something tightlyBIND
78.6%
Loud cry of an animal, e.g. a dogBARK
78.5%
♫ Bruce Springsteen song, '____ To Run' ♫BORN
77.9%
A large farm building for storing produceBARN
76.2%
One focused on athleticsJOCK
71.3%
To cut or chop roughlyHACK
69.5%
To give financial or moral supportBACK
66.4%
Pawn an itemHOCK
66%

Today's Daily Dose

Missing Word
I Hardly Know Her!

Word Ladder
Sentence Ending

Quick Pick
Female Firsts

Get the Picture
Triathlon Sports

Remove Ads.
Support Sporcle.
Get the best of Sporcle when you Go Orange. This ad-free experience offers more features, more stats, and more fun while also helping to support Sporcle. Thank you for becoming a member.

You're not logged in!

Compare scores with friends on all Sporcle quizzes.
OR
Log In

Show Comments

Extras

Top Quizzes Today


Score Distribution

Your Account Isn't Verified!

In order to create a playlist on Sporcle, you need to verify the email address you used during registration. Go to your Sporcle Settings to finish the process.

Report this User

Report this user for behavior that violates our Community Guidelines.

Details: